German States Quiz - Rhineland-Palatinate - Statistics

General Stats
  • This quiz has been taken 22 times
  • The average score is 13 of 18
Answer Stats
Hint Answer % Correct
... to be exact, this river Rhine
100%
And he is the inventor - born in the state capital Johannes Gutenberg
88%
... and this famous communist was born here in 1818 Karl Marx
88%
Capital Mainz
88%
German name of the state Rheinland-Pfalz
88%
Often thought to be the oldest city in Germany Trier
88%
former German Chancellor who was born in Ludwigshafen; the most impactful event during his term in office was the German reunification Helmut Kohl
81%
... which is only separated from the capital of this state by a river Hesse
81%
arguably the second most important river of the state, joins the above in Koblenz and rises in France Moselle
81%
The largest city by area; known for the "red devils" Kaiserslautern
75%
United States Air Force installation; it saw a fatal air show disaster in the late 1980's Ramstein
75%
Largest chemical producer in the world, headquartered in Ludwigshafen BASF
56%
Hollywood Actor born in Idar-Oberstein to a German mother and a US-American father; known for roles in action movies Bruce Willis
56%
This "Black Portal" is the city's main symbol Porta Nigra
56%
... and they built it, not too long after they founded the city Romans
56%
This 15th century invention revolutionized the reproduction of books forever Metal movable-type printing press
50%
among their banks, a lot of this specific type of farmland can be found Vineyards
38%
Minister President Alexander Schweitzer
31%
No matching quizzes found
Score Distribution
Percent of People with Each Score
Percentile by Number Answered
Your Score History
You have not taken this quiz